The big book of brainstorming games : (Record no. 71722)

MARC details
000 -LEADER
fixed length control field 01378nam a22003137a 4500
005 - DATE AND TIME OF LATEST TRANSACTION
control field 20121129145119.0
008 - FIXED-LENGTH DATA ELEMENTS--GENERAL INFORMATION
fixed length control field 121129t xxu||||| |||| 00| 0 eng d
010 ## - LCCN (DPL NO)
LC control number ENG-106249
020 ## - INTERNATIONAL STANDARD BOOK NUMBER
International Standard Book Number 9781259029172
Terms of availability 425.00
020 ## - INTERNATIONAL STANDARD BOOK NUMBER
International Standard Book Number 1259029174
Terms of availability 425.00
035 ## - SYSTEM CONTROL NUMBER
System control number EN-89782
037 ## - SOURCE OF ACQUISITION
Source of stock number/acquisition DBAD/PUB
040 ## - CATALOGING SOURCE
Original cataloging agency DPL
Language of cataloging Eng
082 04 - DEWEY DECIMAL CLASSIFICATION NUMBER
Classification number 658.4
Edition number 23
100 1# - MAIN ENTRY--PERSONAL NAME
Personal name Scannell, Mary,
Dates associated with a name 1959-
9 (RLIN) 53921
245 14 - TITLE STATEMENT
Title The big book of brainstorming games :
Remainder of title quick, effective activities that encourage out-of-the-box thinking, improve collaboration, and spark great ideas! /
Statement of responsibility, etc by Mary Scannell [and] Mike Mulvihill
260 ## - PUBLICATION, DISTRIBUTION, ETC. (IMPRINT)
Place of publication, distribution, etc New Delhi
Name of publisher, distributor, etc Tata McGraw-Hill
Date of publication, distribution, etc c2012
270 ## - ADDRESS
Address 7 West Patel Nagar
City New Delhi
Postal code 110008
300 ## - PHYSICAL DESCRIPTION
Extent viii, 214p. :
Other physical details ill.
Dimensions 24cm(pbk)
650 #0 - SUBJECT ADDED ENTRY--TOPICAL TERM
Topical term or geographic name as entry element Management games.
9 (RLIN) 53922
650 #0 - SUBJECT ADDED ENTRY--TOPICAL TERM
Topical term or geographic name as entry element Brainstorming
General subdivision Business management.
9 (RLIN) 53923
650 #0 - SUBJECT ADDED ENTRY--TOPICAL TERM
Topical term or geographic name as entry element Inspiration
General subdivision Business management.
9 (RLIN) 53924
650 #0 - SUBJECT ADDED ENTRY--TOPICAL TERM
Topical term or geographic name as entry element Communication in management.
9 (RLIN) 53925
650 #0 - SUBJECT ADDED ENTRY--TOPICAL TERM
Topical term or geographic name as entry element Group games.
9 (RLIN) 53926
700 1# - ADDED ENTRY--PERSONAL NAME
Personal name Mulvihill, Mike
9 (RLIN) 53927
942 ## - ADDED ENTRY ELEMENTS (KOHA)
Source of classification or shelving scheme Dewey Decimal Classification
Item type English Books
Classification part 658.4
Call number suffix SCA
Holdings
Withdrawn status Lost status Source of classification or shelving scheme Damaged status Not for loan Collection code Home library Current library Date acquired Source of acquisition Cost, normal purchase price Total Checkouts Full call number Barcode Date last seen Copy number Cost, replacement price Koha item type
    Dewey Decimal Classification   Not For Loan Non-fiction D.B.Act.Division D.B.Act.Division 29/11/2012 DBAD/PUB 425.00   658.4 SCA EN-89782 29/11/2012 1 425.00 English Books

© Delhi Public Library
Hit Counter
free hit counter